000 00827nam a2200253Ia 4500
003 OSt
005 20220926022901.0
006 a|||||r|||| 00| 0
007 ta
008 220923b |||||||| |||| 00| 0 eng d
037 _cGeneral Book
040 _aRTL
_cRTL
_beng
041 _2eng
_aeng
082 _aX61, K9
100 _aFriedman Milton
245 0 _aMonetary Vs. fiscal policy
260 _aNew York
_bW. W. Norton U. S. A.
_c1969
300 _a95p. Bibliography p.92-95
_ccm.
500 _aSalomon (Arthur K) lectures, seventh, 1968. (New York University, Graduate School of Business Administration, lectures, 1968)
650 _aMoney Economics
_9236666
700 _a Heller Walter W.
_9250898
942 _hX61, K9
_cGB
_2CC
999 _c640509
_d640509